| 000 | 00631nam a2200217 a 4500 | ||
|---|---|---|---|
| 008 | |||
| 020 | _a0024125202 (pbk.) | ||
| 049 | _aMAIN | ||
| 090 |
_aHD31 _bREA |
||
| 245 | 1 | 0 |
_aReadings in management : _bmaking organizations perform / _cH. R. Smith... et.al. |
| 260 |
_aNew York : _bMacmillan, _cc1980. |
||
| 300 |
_ax, 534 p. : _bill. ; _c24cm. |
||
| 504 | _aIncludes bibliographical references. | ||
| 650 | 0 | _aManagement. | |
| 700 | _aSmith, H. R. | ||
| 907 |
_a.b10282932 _b20-09-10 _c10-09-10 |
||
| 003 | |||
| 005 | 20230120145421.0 | ||
| 040 | _cNUST | ||
| 942 |
_cBOOKS _kHD31 _mREA |
||
| 999 |
_c98024 _d98024 |
||